| 000 | 01386cam a22003497a 4500 | ||
|---|---|---|---|
| 003 | CHAP | ||
| 005 | 20220329142651.0 | ||
| 008 | 020904d2002 mx b r 00110 spa d | ||
| 010 | _a86233 | ||
| 011 | _a87205 | ||
| 035 | _a97747 | ||
| 040 | _cCHAP | ||
| 090 | _aTesis | ||
| 100 | 0 | 0 |
_aRodríguez Rodríguez, José Jorge Héctor. _998853 |
| 245 | 1 | 0 |
_aComposición y dinámica socioeconómica de las unidades de producción familiar rurales en la cuenca de Cuitzeo, Michoacán _c/por José Jorge Hector Rodríguez Rodríguez |
| 260 |
_aMorelia , Mich. : _bEl autor, _c2002. |
||
| 300 |
_a209 h. ; _bgráfs. ; mapas |
||
| 502 | _aTesis (M. C. en Desarrollo Rural Regional) -- UACH. Centro Regional Universitario Centro Occidente | ||
| 590 |
_aALEPH _b10 _c20130110 _lUCH01 _h1449 |
||
| 590 |
_aBATCH-UPD _b10 _c20130110 _lUCH01 _h0834 |
||
| 590 |
_aBATCH-UPD _b10 _c20130410 _lUCH01 _h0512 |
||
| 590 |
_aBATCH-UPD _b10 _c20130914 _lUCH01 _h1147 |
||
| 590 |
_aCONVERSION _b10 _c20130109 _lUCH01 _h1348 |
||
| 650 | 1 | 4 |
_aDesarrollo de la comunidad rural _xMichoacán. _932015 |
| 650 | 1 | 4 |
_aPoblación rural _zMichoacán. _989458 |
| 650 | 1 | 4 |
_aTrabajadores migratorios _zMichoacán. _9114480 |
| 901 | _aBK | ||
| 905 | _aMayto Villalobos S. | ||
| 942 | _cFOLL | ||
| 949 |
_aTesis _bBC _cTES _d33724000877767 _eTS2 _fc.2 _h39935 _i97747 _sb |
||
| 949 |
_aTesis _bBC _cTES _d97747123 _eTS1 _h39934 _i97747 _sb |
||
| 999 |
_c86233 _d86233 |
||